[Event "Nordic zt"]
[Site "Ostersund"]
[Date "1992.??.??"]
[Round "3"]
[White "Olafsson, Helgi"]
[Black "Tisdall, Jonathan D"]
[Result "1-0"]
[WhiteElo "2495"]
[BlackElo "2435"]
[Annotator "Ftacnik,L"]
[PlyCount "79"]
[EventDate "1992.??.??"]
[EventType "swiss"]
[EventRounds "9"]
[EventCountry "NOR"]
[SourceTitle "CBM 031"]
[Source "ChessBase"]
[SourceDate "1992.12.01"]
[SourceVersion "1"]
[SourceVersionDate "1992.12.01"]
[SourceQuality "1"]

1. Nf3 Nf6 2. d4 e6 3. c4 c5 4. Nc3 cxd4 5. Nxd4 Bb4 6. g3 O-O 7. Bg2 d5 8. Qb3
Bxc3+ 9. Qxc3 e5 10. Nb3 d4 11. Qa5 Qe7 12. O-O Nc6 13. Qc5 Qe6 14. f4 Nd7 15.
Qd5 Nb6 16. Qxe6 Bxe6 17. fxe5 (17. c5 Nd7 (17... Na4 18. fxe5 Bxb3 19. axb3
Nxc5 20. Bxc6 bxc6 21. b4 Nd7 22. Rd1 Nxe5 23. Rxd4 Rfe8 24. Bd2 h5 25. Bc3 Re7
$10 {Ward-Winants,L/Haringey/1988/}) 18. fxe5 Ndxe5 19. Bf4 f6 20. Nd2 Rfd8 21.
Bxe5 fxe5 22. Ne4 Bd5 23. Rac1 $14 {Dzhandzhava,L-Levin,F/Novosibirsk/1989/}) (
17. Bxc6 bxc6 18. fxe5 Nxc4 19. Nxd4 Bd5 20. e6 fxe6 21. Rxf8+ Rxf8 22. b3 Nb6
23. Ba3 Rf6 24. Rc1 e5 25. Nc2 $14 {Ubilava,E-Novikov,I/Tbilisi/1988/}) 17...
Nxc4 (17... Bxc4 18. Bxc6 bxc6 19. Nxd4 c5 20. Nb3 Bxe2 21. Re1 $16) 18. Nc5
Bg4 (18... Bc8 19. Bxc6 bxc6 20. Rd1 Nxe5 21. Rxd4 $14) (18... N4xe5 19. Nxb7
$14) 19. Nxb7 N4xe5 (19... N6xe5 20. b3 $1) 20. Rf2 Rab8 (20... d3 $5 21. exd3
(21. Bxc6 dxe2 $1) 21... Nd4 22. Nc5 Rac8 23. b4 $14) 21. Bf4 Rxb7 (21... f6
22. Rc1 $16) 22. Bxe5 Rb5 (22... Rb6 23. Bc7 $16) 23. Bd6 (23. Bxg7 Kxg7 24.
Bxc6 Rxb2 $10) 23... Rc8 24. Rc1 Nd8 (24... Nb4 25. Rxc8+ Bxc8 26. a3 $14) 25.
Rxc8 Bxc8 26. b3 Bb7 (26... Ne6 27. Rf1 Rb6 28. Rc1 $14) 27. Bh3 Rd5 28. Bf4
Ne6 (28... d3 29. exd3 Rxd3 30. Rd2 $16) 29. Bd2 Re5 (29... d3 30. Bg2 Rd7 31.
Bxb7 Rxb7 32. exd3 Rd7 33. Be3 $16) 30. b4 Ba6 (30... Ng5 31. Bxg5 Rxg5 32. Rf4
Rd5 33. Bg2 Rd7 34. Bxb7 Rxb7 35. Rxd4 $18) 31. Bg4 h5 32. Bf3 Ng5 (32... d3
33. exd3 Bxd3 34. Bc3 Re3 35. Bxh5 $16) 33. Bxg5 Rxg5 34. Rf1 h4 35. Rc1 $1
hxg3 36. hxg3 d3 (36... Rxg3+ 37. Kf2 Rg6 38. Rc7 Rb6 39. Rxa7 $16) 37. exd3
Bxd3 (37... Rxg3+ 38. Kf2 Rg6 39. Rc7 Bxd3 40. Rxa7 $16) 38. Kf2 a5 $2 (38...
a6 $5 $14) 39. Rc8+ Kh7 40. Rc5 {Ftacnik,L} (40. Rc5 Rxc5 41. bxc5 Bf5 42. Bb7
Kg6 43. c6 Be4 44. Ke3 Bg2 45. Kd4 $18) 1-0

[Event "URS-ch U26"]
[Site "Minsk"]
[Date "1990.??.??"]
[Round "?"]
[White "Khenkin, Igor"]
[Black "Epishin, Vladimir"]
[Result "0-1"]
[WhiteElo "2450"]
[BlackElo "2550"]
[Annotator "Ftacnik,L"]
[PlyCount "68"]
[EventDate "1990.01.??"]
[EventType "tourn"]
[EventRounds "13"]
[EventCountry "URS"]
[EventCategory "10"]
[SourceTitle "CBM 017"]
[Source "ChessBase"]
[SourceDate "1990.08.01"]
[SourceVersion "1"]
[SourceVersionDate "1990.08.01"]
[SourceQuality "1"]

1. d4 Nf6 2. c4 e6 3. Nc3 Bb4 4. f3 c5 5. d5 b5 6. e4 bxc4 7. Bxc4 Nxd5 $1 {N}
(7... exd5 8. exd5 $5) 8. Bxd5 (8. exd5 $6 Qh4+) 8... exd5 9. Qxd5 Nc6 10. Nge2
Ba6 11. Be3 Qb6 12. O-O-O O-O 13. a3 $6 (13. Na4 Qa5 14. Nec3 Bxc3 (14... Rfc8
15. Bxc5 Bb5 $1) 15. Nxc3 Nb4 16. Qxc5 Nxa2+ 17. Kb1 Nxc3+ 18. Qxc3 $13) 13...
Rab8 $1 14. axb4 Nxb4 15. Bxc5 (15. Qxc5 Nd3+ 16. Rxd3 Qxb2+ 17. Kd1 Bxd3 {
/\ Rfc8-+}) 15... Qh6+ 16. Qd2 Nd3+ 17. Kb1 Rxb2+ 18. Qxb2 Nxb2 19. Rd6 (19.
Kxb2 Rb8+ 20. Kc2 Bxe2 21. Nxe2 Qc6 22. Rd5 Rb5 $19) 19... Bd3+ 20. Kxb2 Rb8+
21. Ka1 Qd2 22. Ba3 Rb3 23. Bc1 Qc2 24. Rxd3 Rb6 $3 (24... Qxd3 25. Bb2 {/\ Rd1
}) 25. Rd4 (25. Ba3 Ra6 26. Nb1 Qxd3 27. Nec3 Rxa3+ 28. Nxa3 Qxc3+) 25... Ra6+
26. Ra4 Rxa4+ 27. Nxa4 Qxa4+ 28. Kb1 Qb5+ 29. Bb2 Qd3+ 30. Kc1 Qxe2 31. Rd1
Qxg2 32. Rxd7 h6 33. Rd2 Qxf3 34. e5 a5 {Ftacnik,L} 0-1

[Event "Tata Steel-B 82nd"]
[Site "Wijk aan Zee"]
[Date "2020.01.26"]
[Round "13"]
[White "Smirnov, Anton"]
[Black "Ganguly, Surya Shekhar"]
[Result "0-1"]
[WhiteElo "2604"]
[BlackElo "2636"]
[Annotator "Ganguly,Surya"]
[PlyCount "52"]
[EventDate "2020.01.11"]
[EventType "tourn"]
[EventRounds "13"]
[EventCountry "NED"]
[EventCategory "15"]
[SourceTitle "CBM 194"]
[Source "ChessBase"]
[SourceDate "2020.01.27"]
[SourceVersion "1"]
[SourceVersionDate "2020.01.27"]
[SourceQuality "1"]

1. d4 Nf6 2. c4 e6 3. Nc3 Bb4 4. f3 {I noticed that Anton had employed this
line in this very tournament a couple of rounds before. However, after losing
the penultimate round with Eljanov I was reluctant to open my laptop and went
for a long morning walk instead. Anton was also playing many other things so I
decided not to prepare anything at all.} c5 {After some thought, I played
something that I haven't played before but had it prepared for a long time
already.} 5. d5 O-O 6. e4 b5 7. e5 Ne8 8. f4 exd5 9. cxd5 {Here somehow I went
totally blank. I could not remember how Black plays right at this moment, but
I did remember that Black goes ...c4 after White plays Nf3 and ...Qb6 after
White goes Be2. I also remembered a lot of lines which come later but didn't
figure out how to get there. As a result, the following happened...} Bb7 $146 {
About a hundred games reached this position, and no one ever played this. The
moment I played Bb7 Anton started to think and after some time curious Anish
came to our board and started making mischievous inquisitive faces. It was a
clear indication that I cooked up something new. This is also the moment my
memory started rebooting and I vividly remembered every single line that
starts with 9...d6 instead of 9...Bb7. So, I got myself probably into some
horrible position and now my best bet is to keep the poker face on and pretend
that it was all part of Anand files! I should, after all, take some advantage
of the newly published book on Team Anand :) This not only just worked in the
game which convinced Anton that I was in some deep preparation but also later
in the closing ceremony both Erwin and Anish told that they also felt it was
some sort of a deep preparation!!} (9... d6 10. Nf3 c4 11. a4 Nd7 12. Be2 Qb6
13. axb5 dxe5 14. fxe5 Nc7 {and long theory here which is what I was aiming
for. I am still baffled how I conjured the move Bb7 which basically never
happens in this line!}) 10. Nf3 (10. d6 f6 {This didn't bother me as such.
White is far too advanced and might not be ready for the breaks yet.}) (10.
Bxb5 {Only while analysing for CBM now I am seeing that the computer says this
is the way to go for White. During the game, however, both players felt this
is not so great for White.} Qa5 11. Be2 (11. a4 Nc7 12. Bd2 Bxd5 13. Nge2 a6
14. Bd3 Nc6 $132) 11... Nc7 12. Bd2 (12. d6 Bxg2 13. dxc7 Bxh1 14. cxb8=Q Raxb8
{It's a messy position and I don't think Black is worse here by any means.})
12... Nxd5 {I stopped here during the game thinking that Black has nice play.
I am just giving one of the top lines what the computer gives. In order to get
more clarity about this position, I think some players have to forget their
preparation too and accidentally land in this position.} 13. Bf3 Bxc3 14. bxc3
Qa6 15. Ne2 d6 16. Bc1 {I am not taking responsibility for any of these moves.
My calculation stopped long back.} Nb6 17. Qxd6 N8d7 18. Bxb7 Qxb7 19. O-O {
and White is apparently slightly better.}) 10... c4 {Played instantly in order
to pretend that it is all part of the Anand files :)} 11. Be2 (11. d6 Nc6 12.
Be2 Qb6 {transposes.}) 11... Qb6 12. Bd2 $6 (12. d6 {I was mainly concerned
about this.} Nc6 (12... f6 13. Bd2) 13. a3 Bxc3+ (13... Ba5 14. Bd2 Qc5 15. Qc1
Bb6 16. Nd1 {The machine thinks White is clearly better, but in a game I would
still feel it is messy.}) 14. bxc3 Na5 {I left here during the game thinking
it is complicated and that turns out to be right.} 15. Rb1 Nb3 16. Rxb3 cxb3
17. Qxb3 g6 18. Qxb5 Ng7 19. Qxd7 Rfc8 {Very difficult to evaluate this
position. I will stick with engines. 0.00. Obvious, isn't it?}) 12... Nc7 $36 {
On the 9th move I forget my lines, and on move 12 I am significantly better! I
can bet that even if I played this game with my laptop on, I still could not
have achieved this since in that case, Anton would also know what to do as
White.} 13. d6 Ne6 14. f5 $6 (14. a3 {was probably the lesser evil but already
Black is taking over:} Bxc3 15. bxc3 f6) 14... Nd4 15. f6 {If only White could
castle, then probably Black would have to resign but that is not happening in
reality.} Re8 $1 {The most logical way.} 16. a3 {This move was a bit
unexpected and put me into very deep think. There were simply way too many
lucrative options available to chose from.} (16. Nxd4 Qxd4 17. Nxb5 Qh4+ 18. g3
Qe4 19. Rf1 Nc6 $19) 16... Ba5 {After about 36 min of thought I decided to
keep it as simple as possible.} (16... Bxd6 17. exd6 Nxe2 (17... Bxf3 18. gxf3
Nxf3+ 19. Kf1 {didn't work.}) 18. Nxe2 Be4 $1 {I briefly saw this but was
looking for more clarity. }) (16... Bc5 17. Bf4 Nbc6 (17... gxf6 18. Rf1 {
It is winning of course, but once again I didn't see a direct way thus was
reluctant to take gxf6.}) 18. Nd5 {The point of including a3-Bc5} Nxe5 $1 {
This is a move that I wanted to make and it cost me quite some time on the
clock.} 19. Nxb6 Nexf3+ 20. gxf3 axb6 $19 {It's funny that I actually saw
until here and felt Black should be doing fine despite having just one knight
and one pawn for the queen. The computer confirms it is actually winning for
Black! During the game, I somehow didn't want to put everything on one single
line with a queen sacrifice when I had multiple options in which I would win
for sure.}) (16... Nxf3+ $1 {was even simpler than text:} 17. Bxf3 (17. gxf3
Ba5) 17... Rxe5+ 18. Kf1 Ba5) 17. fxg7 (17. Be3 Nc2+ $1 {Keeping it simple.} (
17... Nxf3+ 18. Kf2 {and there were many ways to sac the queen but I didn't
see a mate.}) 18. Qxc2 Qxe3 $17) (17. Nxd4 Qxd4 18. Nxb5 Qxe5 (18... Qh4+ 19.
g3 Qe4 {is also good enough.}) 19. Bxa5 Qxb5 20. Bc3 Qg5 $1 $19 {This was a
very important move to spot beforehand. Now White is collapsing.} (20... Bxg2
21. Rg1 Bf3 22. Rxg7+ Kh8 23. Rxf7 {[%cal Gf7f8] with the threat of Rf8 now it
is White who is winning.}) 21. Rf1 Qxg2 22. Qd2 Bf3 $19) 17... Nxf3+ 18. Bxf3
Rxe5+ 19. Kf1 Na6 $1 {This way White is never getting Nd5/Ne4.} (19... Rf5 20.
Qc2) (19... Nc6 20. Nd5) 20. Be1 (20. Bf4 Bxc3 $1 21. bxc3 Rf5 $19) 20... Bxc3
{At this point, we were a bit low on time so I decided to eliminate the deadly
potential piece of White. Now my king on g8 is super safe. It is not bughouse
chess, so after I take the last knight off there will be no knight check
coming on f6 and my king can use White's g7 pawn as its shield.} (20... Rae8
21. Bf2 Nc5) 21. Bf2 (21. Bxc3 Rf5 22. Qc2 Qc5 {wins}) 21... Nc5 (21... Bxf3
22. Qxf3 Bd4 23. Qxa8+ Nb8 $17 {is a fantasy line that I briefly saw but then
asked myself why bother about this when I can win just by normal moves.}) 22.
bxc3 Rae8 23. h4 Bxf3 24. Qxf3 (24. gxf3 Qc6 $19) 24... Qxd6 25. h5 (25. Bg3
Nb3 {[%cal Gb3d2,Gb3a1]}) 25... Nd3 {Everything wins around here but I liked
this one the most for the final move of this game.} 26. Bg3 Qxa3 $1 {was a
nice way to finish.} (26... Qxa3 $1 27. Rxa3 Re1+ 28. Bxe1 Rxe1#) 0-1

[Event "Minneapolis HB Global op"]
[Site "Minneapolis"]
[Date "2005.05.22"]
[Round "8"]
[White "Moiseenko, Alexander"]
[Black "Antonio, Rogelio Jr"]
[Result "1/2-1/2"]
[WhiteElo "2665"]
[BlackElo "2513"]
[Annotator "Gavrikov,V"]
[PlyCount "69"]
[EventDate "2005.05.18"]
[EventType "swiss"]
[EventRounds "9"]
[EventCountry "USA"]
[SourceTitle "CBM 107"]
[Source "ChessBase"]
[SourceDate "2005.08.01"]
[SourceVersion "1"]
[SourceVersionDate "2005.08.01"]
[SourceQuality "1"]

1. d4 Nf6 2. c4 e6 3. Nc3 Bb4 4. Nf3 c5 5. g3 Ne4 6. Bd2 ({A side-line instead
of the common} 6. Qd3) 6... Nxd2 ({More popular is the continuation} 6... Bxc3
7. bxc3 Nc6 8. Bg2 O-O {e.g.} 9. O-O Na5 $5 ({Black has some problems after} 
9... d6 10. Be3 $1 Qe7 11. Qd3 f5 12. Rfd1 e5 $140 $6 13. dxe5 dxe5 14. Nh4 {
1-0 Moiseenko,A-Arencibia,W/Kapuskasing 2003/CBM 095 ext (19)}) 10. dxc5 Qc7
11. Nd4 Nxd2 12. Qxd2 Nxc4 13. Qg5 f6 14. Qf4 Ne5 (14... Qxc5 $5 15. Nb3 Qb5)
15. Nb3 Rb8 16. Qd4 b6 {1/2-1/2 Kasparov,G-Karpov,A/Moscow 1985/MainBase (29)})
7. Qxd2 cxd4 8. Nxd4 a6 ({In case of} 8... Qc7 9. Rc1 a6 10. Bg2 O-O 11. O-O
Be7 {interesting is} 12. c5 $5 {with the idea} Qxc5 13. Nd5 Qd6 14. Nc7 Ra7 15.
Qe3 $1 Bg5 {1-0 Smagin,S-Robatsch,K/Trnava 1987/TD (36)} (15... b6 $2 16. Ndb5
axb5 17. Nxb5) {and now correct was} 16. f4 Bd8 17. Rfd1 Qb6 (17... Bxc7 $2 18.
Nc6 Qxd1+ 19. Rxd1 Nxc6 20. Bxc6 b6 21. Bxd7 Bxd7 22. Rxd7 Bxf4 23. Qd3 Rxd7
24. Qxd7 Be3+ 25. Kg2 $16 {.}) 18. Ncxe6 fxe6 19. Rxc8 Nc6 20. Kh1 $14) 9. Bg2
Qc7 10. a3 ({Deserved attention} 10. Rc1 {transposing to the game mentioned
above.}) 10... Be7 11. Rc1 d6 12. O-O Nd7 13. b4 Rb8 (13... Ne5 {is well met by
} 14. Ne4 {since} Nxc4 $4 15. Rxc4 Qxc4 16. Rc1 {loses a queen}) ({but perhaps
better than the text was} 13... Nf6 {planning Bd7.}) 14. Rfd1 O-O 15. Qa2 $6 {
A waste of time.} ({It seems to me that strong was} 15. Na4 $5 {[%cal Gc4c5]}
Nf6 16. c5 Rd8 (16... e5 $2 17. cxd6 Qxd6 18. Nc6 $1) (16... d5 17. Nb6) 17.
cxd6 Qxd6 18. Qc2 Qe5 19. Nf3 Qb5 (19... Rxd1+ $2 20. Rxd1 Qb5 21. Qc7 $1 Qxa4
22. Rd3 Nd7 23. Ne5 $1 Ra8 24. Nxd7 Bxd7 25. Qxd7 Qxd7 26. Rxd7) 20. Rxd8+ Bxd8
21. Nc5 {with promising position for White.}) 15... Nf6 16. c5 $6 ({Here this
advance is dubious. White should settle for the continuation} 16. e4 Bd7 17. h3
Rbc8 18. Nce2) 16... dxc5 17. bxc5 Qxc5 $1 ({After} 17... Bxc5 $6 18. Na4 b6 (
18... Nd7 $2 19. Qc2 e5 (19... b6 20. Nc6) 20. Nf5 $1 b6 21. Ne7+ Kh8 22. Bh3
$1 Rd8 23. Nxc5 bxc5 24. Qd3 {loses a piece}) 19. Nc6 Rb7 20. Nxc5 bxc5 21.
Rxc5 {Black has not a good square for his queen.}) 18. Nd5 Qxa3 19. Nxf6+ gxf6
20. Qb1 Bd7 ({Much more unpleasant for White was} 20... Qb4 $1 21. Qe4 Rd8 $17)
21. Rc7 $1 {[%csl Rd7,Re7] White finds a saving resourse.} Bc6 ({Worse is} 
21... Ba4 22. Rd3 Qb4 {in view of} 23. Qc1 $1 {for example:} Rfd8 24. Rc4 Qa5
25. Qa1 b5 26. Rc1 ({but not} 26. Nc6 $2 bxc4 $1 27. Rxd8+ Rxd8 28. Nxe7+ Kg7
29. Nc6 Qd2 30. Nxd8 c3 31. Be4 c2 32. Bxc2 Bxc2 $19) 26... Rbc8 (26... Qb6 $2
27. Nc6 Rxd3 28. Nxe7+ Kf8 29. Nc6 Rd6 30. Qxf6 Rxc6 31. Rxc6 Qd8 32. Qh6+ Ke8
33. Rxa6 Qd1+ 34. Bf1 $16) 27. Nc6 Rxc6 28. Rxc6 Rxd3 29. exd3 $14) 22. Rd3 $1
Qd6 (22... Qc5 23. Bxc6 bxc6 24. Qa2 $1 {[%cal Gd4e6]} Rb6 ({or} 24... Rfc8 25.
Rxc8+ Rxc8 26. Nxe6 $1 Qc1+ 27. Kg2) {allows} 25. Nxe6 $1 fxe6 26. Qxe6+ Rf7
27. Rd8+ $1 Kg7 28. Rxe7 $1 Qxe7 (28... Rxe7 $4 29. Rg8+ Kh6 30. Qxf6+ Kh5 31.
g4#) 29. Qg4+ Kh6 30. Qh4+ Kg7 31. Qg4+ {forcing perpetual check.}) 23. Nxe6
Qxe6 24. Re3 Qd6 ({Insufficient for an advantage was} 24... Qxe3 25. fxe3 Bd6
26. Rxc6 bxc6 27. Qf5) 25. Rcxe7 Rbe8 ({Giving back a pawn, because} 25... Bxg2
26. Kxg2 b5 27. R7e4 $1 {looks dangerous for Black.}) 26. Rxe8 Rxe8 27. Rxe8+
Bxe8 28. Qxb7 Qd1+ 29. Bf1 Bb5 30. Qc8+ Kg7 31. Qg4+ Kf8 32. Qb4+ Kg7 33. Qg4+
Kf8 34. Qb4+ Kg7 35. Qg4+ 1/2-1/2

[Event "EU-ch 6th"]
[Site "Warsaw"]
[Date "2005.06.29"]
[Round "11"]
[White "Wells, Peter K"]
[Black "Smirnov, Pavel"]
[Result "1/2-1/2"]
[WhiteElo "2525"]
[BlackElo "2624"]
[Annotator "Gavrikov,V"]
[PlyCount "51"]
[EventDate "2005.06.18"]
[EventType "swiss"]
[EventRounds "13"]
[EventCountry "POL"]
[SourceTitle "CBM 108"]
[Source "ChessBase"]
[SourceDate "2005.09.26"]
[SourceVersion "1"]
[SourceVersionDate "2005.09.26"]
[SourceQuality "1"]

1. d4 Nf6 2. c4 e6 3. Nc3 Bb4 4. Nf3 ({Less precise is} 4. g3 {after which
Black has a supplementary reliable possibility} d5 5. Bg2 O-O 6. Nf3 dxc4 7.
O-O Nc6) 4... c5 5. g3 cxd4 6. Nxd4 Ne4 ({Another popular continuation is} 6...
O-O 7. Bg2 d5 8. cxd5 Nxd5 9. Qb3 Nc6 10. Nxc6 bxc6 11. O-O Qa5 {when Black
seems to have adequate counterplay,for example:} 12. Bd2 (12. Ne4 Ba6 13. Qc2
Be7 14. Bd2 Qb5 15. Rfc1 Rab8 $11 {1/2-1/2 Sulava,N-Grosar,A/Kladovo 1991/TD 
(46)}) 12... Bxc3 13. bxc3 (13. Bxc3 Nxc3 14. bxc3 Ba6 15. Qb4 Qxb4 16. cxb4
Rab8 $11) 13... Ba6 14. Rfd1 Qc5 $1 15. e4 Bc4 16. Qa4 Nb6 17. Qb4 Qh5 18. Be3
Be2 19. Rd2 Rab8 20. Bxb6 axb6 21. Qd6 Rfc8 22. h3 Bf3 23. Rb1 Bxg2 24. Kxg2
Qa5 {1/2-1/2 Van Wely,L-Short,N/Wijk aan Zee 2000/CBM 075 (24)}) 7. Qd3 Bxc3+
8. bxc3 Nc5 9. Qf3 {The idea of this move is to prevent b7-b6.} d6 10. Bg2 Nbd7
11. O-O O-O $6 ({The immediate} 11... Ne5 12. Qf4 Bd7 {is considered as
stronger than the text and allows Black to solve his opening problems easily.})
12. Rd1 Ne5 ({In case of} 12... a6 $6 13. Nb3 Qc7 14. Ba3 $1 {Black has
difficulties developing his queenside pieces since} Nb6 ({or} 14... Ne5 15. Qf4
{/\ Rxd6}) {loses material after} 15. Rxd6 $1 Nxc4 16. Bxc5 Nxd6 17. Qd3 {
1-0 Nilssen,J-Berczes,D/Budapest 2003/CBM 095 ext (59)}) 13. Qf4 Bd7 14. Nb3
Ba4 15. Ba3 Bxb3 $146 ({Bad is} 15... Nxb3 $2 16. axb3 Bxb3 17. Rxd6 Qa5 18.
Bxb7 Rad8 19. Ra6 Qxc3 20. Bxf8 Kxf8 21. Rxa7 $18 {1-0 Zvjaginsev,V-Yemelin,V/
Orel 1992/EXT 97 (30)}) 16. axb3 Qc7 17. Bxc5 ({Instead of this premature
exchange} 17. Rab1 $5 {appears to be a little better for White.}) 17... dxc5
18. Bxb7 Rab8 $6 {An inaccuracy.} (18... Qxb7 $142 19. Qxe5 Qxb3 20. Qxc5 Qxc3
$11) 19. Ba6 {This leads to a draw.} ({White could have continued} 19. Rxa7 $1
f6 (19... Rxb7 $6 20. Rxb7 Qxb7 21. Qxe5 Qxb3 22. Rd7 Qxc4 23. Rc7 $16) 20. Qe4
Qb6 (20... f5 $6 21. Qf4 g5 22. Bc6 $1 (22. Qxg5+ $2 Ng6) 22... Qxa7 23. Qxe5
Qf7 24. Rd6 Rxb3 25. Rxe6 Qg7 26. Qxc5 $16) 21. Rda1 Rf7 (21... Qxb3 $6 22. f4
Nf7 23. Bc6 $16) 22. f4 Rfxb7 (22... Ng6 $2 23. R1a6 Qxb3 24. Ra8 Rbf8 (24...
Rfxb7 25. Qxe6+ Kf8 26. Rxb8+ Rxb8 27. Ra7 $18) 25. Bc8 $18) 23. Rxb7 Qxb7 24.
Qxb7 Rxb7 25. fxe5 Rxb3 26. Ra5 (26. exf6 Rxc3) 26... Rxc3 27. Rxc5 fxe5 28.
Rxe5 Rxc4 29. Rxe6 $14 {,although he hardly has any real chances to realize
the extra pawn.}) 19... Rxb3 20. Bb5 Rxc3 21. Rd7 Qb8 22. Rdxa7 Nxc4 23. Qxb8 (
23. Rxf7 Qxf4 24. Rxf4 Rxf4 25. gxf4 $13) 23... Rxb8 24. Bxc4 Rxc4 25. Rc7 Rc2
26. Raa7 1/2-1/2